Microsoft Excel 2007 : Hotová řešení
Gespeichert in:
| 1. Verfasser: | |
|---|---|
| Format: | Buch |
| Sprache: | Tschechisch |
| Veröffentlicht: |
Brno :
Computer Press,
2008
|
| Ausgabe: | 1. vyd |
| Schlagworte: | |
| Tags: |
Keine Tags, Fügen Sie das erste Tag hinzu!
|
MARC
| LEADER | 00000nam a22000003a 4500 | ||
|---|---|---|---|
| 001 | stu177875 | ||
| 005 | 20150617230107.0 | ||
| 008 | 090114s2008----xr------------------cze-d | ||
| 020 | |a 978-80-251-1966-2 | ||
| 040 | |a STU |b slo | ||
| 041 | 0 | |a cze | |
| 044 | |a xr | ||
| 080 | |a 004.42 Excel | ||
| 100 | 1 | |a Pecinovský, Josef |4 aut | |
| 245 | 1 | |a Microsoft Excel 2007 : |b Hotová řešení | |
| 250 | |a 1. vyd | ||
| 260 | |a Brno : |b Computer Press, |c 2008 | ||
| 300 | |a 247 s | ||
| 650 | 7 | |a tabuľkové procesory |2 stusub | |
| 650 | 7 | |a Excel |2 stusub | |
| 996 | |b 284EK87830 |c E*87830 |l EELSDV |s P |a 0 |w stu177875_0001 | ||